000 00246nam a22001217a 4500
008 181012b xxu||||| |||| 00| 0 eng d
041 _aeng
080 _a617
100 _a8
101 _aORT
245 _aSpine
_cDickson,J,H
942 _2udc
_cBK
999 _c49507
_d49507